| 000 | 01289namaa22003371i 4500 | ||
|---|---|---|---|
| 003 | EG-GICUC | ||
| 005 | 20260108122015.0 | ||
| 008 | 260104s1995 ua ||||jr|||| 000 0 ara d | ||
| 017 |
_a1995 / 1586 _bدار الكتب والوثائق القومية(مصر) |
||
| 020 | _a9775227631 | ||
| 040 |
_aEG-GiCUC _bara _cEG-GiCUC _dEG-GiCUC _erda |
||
| 082 | 0 | 4 |
_221 _a259 _bH6339 |
| 092 | 0 | 4 |
_221 _a259 _bH6339 |
| 099 | _a259 H6339 | ||
| 100 | 1 |
_aالحفناوى، محمد إبراهيم _eمؤلف. |
|
| 245 | 1 |
_aتبصير النجباء بحقيقة الاجتهاد والتقليد والتلفيق والإفتاء / _cبقلم محمد إبراهيم الحفناوى |
|
| 250 | _aالطبعة الاولى | ||
| 264 |
_aالقاهرة (مصر) : _bدار الحديث، _c1995 |
||
| 300 |
_a؛ 367 صفحة _c24 سم |
||
| 336 |
_2rdacontent _atext |
||
| 337 |
_2rdamedia _aUnmediated |
||
| 338 |
_2rdacarrier _avolume |
||
| 504 | _aيشتمل على ارجاعات ببليوجرافية | ||
| 541 |
_aد. جابر عصفور ؛ _bالقاهرة ؛ _cإهداء ؛ _d2025. |
||
| 650 | 1 | 7 |
_aالفتاوى الشرعية _2qrmak |
| 650 | 1 | 7 |
_aالافتاء _2qrmak |
| 650 | 1 | 7 | _aالفقه الاسلامى |
| 651 | 1 | _2qrmak | |
| 905 | _aHuda | ||
| 942 |
_2ddc _cBK _e21 _n0 |
||
| 999 |
_c177367 _d177367 |
||